00422nam a22001457a 450000500170000000800410001702200130005804100250007108200130009610000250010924500420013426000450017630000290022165000260025020240308135935.0240308b |||||||| |||| 00| 0 eng d a02577747 aAfrikaans / English  a349 TYD  lAfrikaans / English  aTydskrif vir die Suid Afrikaanse Reg  aKaapstad : bJuta en Kie Beperk, c1993  b188 blaadsye ; c25 cm.  aLegal practice bLaw